Software Engineering (Record no. 1746)

MARC details
000 -LEADER
fixed length control field 00339nam a2200145Ia 4500
008 - FIXED-LENGTH DATA ELEMENTS--GENERAL INFORMATION
fixed length control field 191201s2005 xx 000 0 und d
082 ## - DEWEY DECIMAL CLASSIFICATION NUMBER
Classification number 005.1
Item number PRS
100 ## - MAIN ENTRY--PERSONAL NAME
Personal name PRESSMAN, Roger S
245 #0 - TITLE STATEMENT
Title Software Engineering
250 ## - EDITION STATEMENT
Edition statement 6th
260 ## - PUBLICATION, DISTRIBUTION, ETC. (IMPRINT)
Place of publication, distribution, etc N.Delhi
Name of publisher, distributor, etc McGraw Hill
Date of publication, distribution, etc 2005
300 ## - PHYSICAL DESCRIPTION
Extent 912
650 ## - SUBJECT ADDED ENTRY--TOPICAL TERM
Topical term or geographic name as entry element B.Tech(CSE)
942 ## - ADDED ENTRY ELEMENTS (KOHA)
Source of classification or shelving scheme Dewey Decimal Classification
Koha item type Text Books
Holdings
Withdrawn status Lost status Source of classification or shelving scheme Damaged status Not for loan Collection code Home library Current library Date acquired Source of acquisition Cost, normal purchase price Bill Number Total Checkouts Full call number Acc. no. / Barcode Date last seen Date last borrowed Bill Date Koha item type
    Dewey Decimal Classification     B.Tech(CSE) PIET C-LIBRARY PIET C-LIBRARY 20/08/2006 M/s UBS, Delhi 350.00 125382 4 005.1 PRS 3153 05/02/2025 05/02/2025 23/08/2005 Text Books
    Dewey Decimal Classification     B.Tech(CSE) PIET C-LIBRARY PIET C-LIBRARY 20/08/2006 M/s UBS, Delhi 350.00 125382 2 005.1 PRS 3154 04/07/2022 01/07/2022 23/08/2005 Text Books
    Dewey Decimal Classification     B.Tech(CSE) PIET C-LIBRARY PIET C-LIBRARY 20/08/2006 M/s UBS, Delhi 350.00 125382 3 005.1 PRS 3155 31/08/2024 24/02/2024 23/08/2005 Text Books
    Dewey Decimal Classification     B.Tech(CSE) PIET C-LIBRARY PIET C-LIBRARY 20/08/2006 M/s UBS, Delhi 350.00 125382 2 005.1 PRS 3156 10/09/2022 04/03/2022 23/08/2005 Text Books
    Dewey Decimal Classification     B.Tech(CSE) PIET C-LIBRARY PIET C-LIBRARY 20/08/2006 M/s UBS, Delhi 350.00 125382 3 005.1 PRS 3157 01/04/2024 14/03/2024 23/08/2005 Text Books
    Dewey Decimal Classification     B.Tech(CSE) PIET C-LIBRARY PIET C-LIBRARY 30/08/2006 M/s UDH, Delhi 458.00 10392   005.1 PRS 5089 04/12/2019   16/01/2006 Text Books
    Dewey Decimal Classification     B.Tech(IT) PIET C-LIBRARY PIET C-LIBRARY 11/08/2007 J B C, New Delhi 9.50 696 3 005.1 PRS 5938 15/09/2022 16/08/2022 27/07/2007 Text Books
    Dewey Decimal Classification     B.Tech(IT) PIET C-LIBRARY PIET C-LIBRARY 11/08/2007 J B C, New Delhi 9.50 695 1 005.1 PRS 5939 19/02/2020 10/02/2020 27/07/2007 Text Books

Design & Developed by: PIET Central Library
R70 Miles Stone Pattikalyana Samalkha Panipat 132102
mail ID :- [email protected], Phone No:- 0180-2569700 Ex.216